ATP Year End Number Ones In Order - Statistics

General Stats
  • This quiz has been taken 29 times
    20 since last reset
  • The average score is 42 of 50
Answer Stats
Year #1 Player % Correct
2016 Andy Murray
93%
2022 Carlos Alcaraz
93%
2011 Novak Djokovic
93%
2018 Novak Djokovic
93%
2020 Novak Djokovic
93%
2021 Novak Djokovic
93%
2010 Rafael Nadal
93%
2013 Rafael Nadal
93%
2017 Rafael Nadal
93%
2019 Rafael Nadal
93%
2009 Roger Federer
93%
1979 Bjorn Borg
86%
1980 Bjorn Borg
86%
1985 Ivan Lendl
86%
1986 Ivan Lendl
86%
1987 Ivan Lendl
86%
1981 John McEnroe
86%
1982 John McEnroe
86%
1983 John McEnroe
86%
1984 John McEnroe
86%
1988 Mats Wilander
86%
2012 Novak Djokovic
86%
2014 Novak Djokovic
86%
2015 Novak Djokovic
86%
1993 Pete Sampras
86%
1994 Pete Sampras
86%
1995 Pete Sampras
86%
2008 Rafael Nadal
86%
2007 Roger Federer
86%
1990 Stefan Edberg
86%
1991 Stefan Edberg
86%
1999 Andre Agassi
79%
2003 Andy Roddick
79%
1973 Ilie Nastase
79%
1989 Ivan Lendl
79%
1992 Jim Courier
79%
1974 Jimmy Connors
79%
1975 Jimmy Connors
79%
1976 Jimmy Connors
79%
1977 Jimmy Connors
79%
1978 Jimmy Connors
79%
1996 Pete Sampras
79%
1997 Pete Sampras
79%
1998 Pete Sampras
79%
2004 Roger Federer
79%
2005 Roger Federer
79%
2006 Roger Federer
79%
2000 Gustavo Kuerten
71%
2001 Lleyton Hewitt
71%
2002 Lleyton Hewitt
71%
No matching quizzes found
Score Distribution
Percent of People with Each Score
Percentile by Number Answered
Your Score History
You have not taken this quiz since the last reset